Solimán el Magnífico (Record no. 58095)

MARC details
000 -LEADER
campo de control de longitud fija 00490nam a2200169 i 4500
001 - NÚMERO DE CONTROL
campo de control 58095
003 - IDENTIFICADOR DE NÚMERO DE CONTROL
campo de control ES-MaACL
005 - FECHA Y HORA DE LA ÚLTIMA TRANSACCIÓN
campo de control 20230906163727.0
007 - CAMPO FIJO DE DESCRIPCIÓN FÍSICA--INFORMACIÓN GENERAL
campo de control de longitud fija t|
008 - DATOS DE LONGITUD FIJA--INFORMACIÓN GENERAL
campo de control de longitud fija 031021s1936 sp ||||1| spa d
100 1# - ENTRADA PRINCIPAL--NOMBRE DE PERSONA
Nombre de persona Downey, Fairfax.
9 (RLIN) 45536
245 10 - MENCIÓN DEL TÍTULO
Título Solimán el Magnífico
Resto del título : 1495-1566 /
Mención de responsabilidad, etc. Fairfax Downey ; traducción de Mateo Mille.
260 ## - PUBLICACIÓN, DISTRIBUCIÓN, ETC.
Lugar de publicación, distribución, etc. Barcelona :
Nombre del editor, distribuidor, etc. Joaquín Gil,
Fecha de publicación, distribución, etc. [1936]
300 ## - DESCRIPCIÓN FÍSICA
Extensión 279 p. ;
Dimensiones 22 cm.
700 1# - ENTRADA AGREGADA--NOMBRE PERSONAL
Nombre de persona Mille, Mateo.
9 (RLIN) 81192
852 ## - LOCALIZACIÓN
Ubicación ES-MaACL
Número de control de estantería A-4462
Holdings
Estatus retirado Estado de pérdida Estado de daño No para préstamo Biblioteca de origen Biblioteca actual Ubicación en estantería Fecha de adquisición Fuente de adquisición Total de préstamos Signatura topográfica completa Código de barras Visto por última vez Precio de reemplazo Tipo de ítem Koha
        Biblioteca del Ateneo de Madrid Biblioteca del Ateneo de Madrid Sala Pecera Planta 1 17/01/2008     A-4462 1060969 23/02/2023 23/02/2023 Libro impreso